| 000 | 01511cam a22002897i 4500 | ||
|---|---|---|---|
| 020 | _a9781461466710 (alk. paper) | ||
| 020 | _a1461466717 (alk. paper) | ||
| 040 | _cNLM | ||
| 082 | 0 | 4 | _a613 SHI 1991 C162 Or. |
| 245 | 0 | 0 | _aNeighbourhood structure and health promotion / |
| 246 | 3 | _aNeighborhood structure and health promotion | |
| 300 |
_aviii, 367 pages : _billustrations ; _c24 cm |
||
| 520 | _aIt has long been theorized that people living in poor areas have more health problems than their more advantaged peers. More recently, science has been testing this hypothesis, concentrating on the impact of the built environment on well-being and its contribution to health inequities. Neighbourhood Structure and Health Promotion offers sociology-based theory and evidence-based findings so readers may better understand the effects of place on health choices, behaviour, and outcomes. This international volume analyzes the complex relationships among neighbourhood conditions and characteristics.-- | ||
| 650 | 0 | _aHealth promotion. | |
| 650 | 0 | _aPublic health. | |
| 650 | 0 | _aNeighborhoods | |
| 650 | 1 | 2 | _aHealth Status Disparities. |
| 650 | 1 | 2 | _aPoverty. |
| 650 | 2 | 2 | _aHealth Behavior. |
| 650 | 2 | 2 | _aLife Style. |
| 650 | 2 | 2 | _aResidence Characteristics. |
| 700 | 1 | _aStock, Christiane, | |
| 700 | 1 | _aEllaway, Anne, | |
| 856 | 4 | 1 | _uhttp://www.loc.gov/catdir/enhancements/fy1506/2013931258-t.html |
| 856 | 4 | 2 | _uhttp://www.loc.gov/catdir/enhancements/fy1506/2013931258-d.html |
| 942 | _cAEDBB | ||
| 999 |
_c19309 _d19309 |
||